00496 2200193 4500001002100000005001500021035002000036008004100056245004200097100001700139260004100156300001100197020002200208084001400230082000800244650001200252990001800264990002000282INLIS00000000000049420240820035610 a0010-0724000494240820 0 ind 1 aAnak Domba Yang Nakal /cRenata Pohan aRenata Pohan aBekasi :bCahaya pustaka raga,c2009 a61 hlm a978-602-8155-44-1 a813 REN a a813 4aFolklor aP29/CP/24/494 aP29/CP/24/494.1